00442 2200169 4500001002300000005001700023006001900040008004100059035002600100084001500126100001900141245002100160260003500181300002200216650001100238990002300249NBPULOT00000000000430620161114110234.0a ||| | 171130| ||| |  a 0010-051400000000862 a 813 Dew h0 a Wulan Dewatra00a Hujan dan Teduh a Jakarta b GagasMedia c 2011 a 250 hlm c 13 cm 0a Novel a 16955/APBDII/2013